Famous gingers - Statistics

General Stats
  • This quiz has been taken 300 times
    298 since last reset
  • The average score is 5 of 15
Answer Stats
Hints Answer % Correct
Harry Potter character film name Ron Weasley
82%
Prince Harry
76%
Singer Ed Sheeran
70%
Former queen Elizabeth
47%
Footballer Scholes
34%
Famous artist Van Gogh
33%
One of the 12 disciples Judas
30%
Famous presenter who is a fox Basil Brush
25%
One of the Spice Girls Geri
25%
Weakest Link presenter Ann Robinson
21%
Italian astronomer Galileo
20%
Character on Shrek Ginger bread man
16%
Creator of psalms David
12%
Ex British prime minister Churchill
8%
Harry Potter character real name Ronald Bilius
2%
No matching quizzes found
Score Distribution
Percent of People with Each Score
Percentile by Number Answered
Your Score History
You have not taken this quiz since the last reset